000
00308nam a22001337a 4500
020
_a
9789350290866
082
_a
823
_b
PIL
100
_a
T.S. Pillai
_9
915
245
_a
Chemmeen: The Enduring Classic
260
_a
NOIDA
_b
HarperPerennial
_c
2011
300
_a
276
700
_a
ANITA NAIR
_9
916
942
_c
BK
999
_c
35913
_d
35913